| 000 | 01068cam a2200337u 4500 | ||
|---|---|---|---|
| 001 | 127919 | ||
| 005 | 20230410132804.0 | ||
| 008 | 830210s1942 ag a 000 0 eng | ||
| 035 | _a6922969 | ||
| 035 | _9(DLC) 43012324 | ||
| 010 | _a 43012324 | ||
| 040 |
_aDLC _cCarP _dDLC |
||
| 050 | 1 | 4 |
_aQH 311 _bP926b 1942 |
| 100 | 1 |
_aPrenant, Marcel, _d1893-1983 |
|
| 240 | 0 | 0 | _aBiologie et marxism. Spanish. [from old catalog] |
| 245 | 1 | 0 |
_aBiología y marxismo / _cMarcel Prenant |
| 260 |
_aBuenos Aires : _bEditorial Problemas, _c[1942] |
||
| 300 |
_a248 p. : _bill.; _c23 cm. |
||
| 504 | _aIncluye referencias bibliográficas. | ||
| 505 | 0 | _ap. 1. Bases biológicas del Marxismo -- p. 2. Todo marxista y problemas biológicos. | |
| 600 | 1 | 0 |
_aMarx, Karl, _d1818-1883. |
| 650 | 0 | _aBiology. | |
| 650 | 0 | _aDialectical materialism. | |
| 650 | 4 | _aBiología. | |
| 650 | 4 | _aMarxismo. | |
| 650 | 4 | _aPolítica científica. | |
| 650 | 4 | _aInterdisciplinariedad del conocimiento. | |
| 650 | 4 | _aFilosofía de la ciencia. | |
| 942 |
_2lcc _cbk |
||
| 946 | _arsfv | ||
| 999 |
_c87786 _d87786 |
||